<?xml version="1.0" encoding="UTF-8"?><?xml-stylesheet type="text/xsl" href="static/style.xsl"?><OAI-PMH xmlns="http://www.openarchives.org/OAI/2.0/" xmlns:xsi="http://www.w3.org/2001/XMLSchema-instance" xsi:schemaLocation="http://www.openarchives.org/OAI/2.0/ http://www.openarchives.org/OAI/2.0/OAI-PMH.xsd"><responseDate>2026-04-17T06:59:25Z</responseDate><request verb="GetRecord" identifier="oai:www.recercat.cat:2445/175197" metadataPrefix="marc">https://recercat.cat/oai/request</request><GetRecord><record><header><identifier>oai:recercat.cat:2445/175197</identifier><datestamp>2025-11-19T19:23:59Z</datestamp><setSpec>com_2072_1057</setSpec><setSpec>col_2072_478777</setSpec><setSpec>col_2072_478813</setSpec><setSpec>col_2072_478917</setSpec></header><metadata><record xmlns="http://www.loc.gov/MARC21/slim" xmlns:dcterms="http://purl.org/dc/terms/" xmlns:xsi="http://www.w3.org/2001/XMLSchema-instance" xmlns:doc="http://www.lyncode.com/xoai" xsi:schemaLocation="http://www.loc.gov/MARC21/slim http://www.loc.gov/standards/marcxml/schema/MARC21slim.xsd">
   <leader>00925njm 22002777a 4500</leader>
   <datafield ind2=" " ind1=" " tag="042">
      <subfield code="a">dc</subfield>
   </datafield>
   <datafield ind2=" " ind1=" " tag="720">
      <subfield code="a">Ramos Romero, Sara</subfield>
      <subfield code="e">author</subfield>
   </datafield>
   <datafield ind2=" " ind1=" " tag="720">
      <subfield code="a">Martínez-Maqueda, Daniel</subfield>
      <subfield code="e">author</subfield>
   </datafield>
   <datafield ind2=" " ind1=" " tag="720">
      <subfield code="a">Hereu, Mercè</subfield>
      <subfield code="e">author</subfield>
   </datafield>
   <datafield ind2=" " ind1=" " tag="720">
      <subfield code="a">Amézqueta, Susana</subfield>
      <subfield code="e">author</subfield>
   </datafield>
   <datafield ind2=" " ind1=" " tag="720">
      <subfield code="a">Torres Simón, Josep Lluís</subfield>
      <subfield code="e">author</subfield>
   </datafield>
   <datafield ind2=" " ind1=" " tag="720">
      <subfield code="a">Pérez-Jiménez, Jara</subfield>
      <subfield code="e">author</subfield>
   </datafield>
   <datafield ind2=" " ind1=" " tag="260">
      <subfield code="c">2021-03-16T16:14:46Z</subfield>
   </datafield>
   <datafield ind2=" " ind1=" " tag="260">
      <subfield code="c">2021-03-16T16:14:46Z</subfield>
   </datafield>
   <datafield ind2=" " ind1=" " tag="260">
      <subfield code="c">2020-09-01</subfield>
   </datafield>
   <datafield ind2=" " ind1=" " tag="260">
      <subfield code="c">2021-03-16T16:14:46Z</subfield>
   </datafield>
   <datafield ind2=" " ind1=" " tag="520">
      <subfield code="a">Polyphenols are dietary bioactive compounds able to induce modifications in the gutmicrobiota profile, although more clinical studies are needed. With this aim, a randomized cross-overclinical trial was conducted, where 49 subjects at cardiometabolic risk (exhibiting at least two metabolicsyndrome factors) were supplemented with a daily dose of 8 g of grape pomace (GP) for 6 weeks,with an equivalent control (CTL) period. The levels of total bacteria and Bacteroidetes, Firmicutes,Lactobacilliales,BacteroidesandPrevotellawere estimated in fecal DNA by quantitative real-timePCR (qPCR), while fecal short-chain fatty acids (SCFAs) were assessed by gas chromatography.Several cardiometabolicmarkers were evaluated in blood samples. GP reduced insulin levels only inhalf of the participants (responders). GP supplementation did not cause significant modifications inthe microbiota profile of the whole group, except for a tendency (p=0.059) towards a decrease inthe proportion of Lactobacilliales, while it increased the proportion ofBacteroidesin non-respondersubjects. The reduction of insulin levels in subjects at cardiometabolic risk upon GP supplementationappears not to be induced by changes in the major subgroups of gut microbiota. Further studies at thespecies level may help to elucidate the possible role of microbiota in GP-induced insulinemic status</subfield>
   </datafield>
   <datafield tag="653" ind2=" " ind1=" ">
      <subfield code="a">Microbiota intestinal</subfield>
   </datafield>
   <datafield tag="653" ind2=" " ind1=" ">
      <subfield code="a">Malalties cardiovasculars</subfield>
   </datafield>
   <datafield tag="653" ind2=" " ind1=" ">
      <subfield code="a">Gastrointestinal microbiome</subfield>
   </datafield>
   <datafield tag="653" ind2=" " ind1=" ">
      <subfield code="a">Cardiovascular diseases</subfield>
   </datafield>
   <datafield ind2="0" ind1="0" tag="245">
      <subfield code="a">Modifications of gut microbiota after grape pomace supplementation in subjects at cardiometabolic risk: a randomized cross-over controlled clinical trial</subfield>
   </datafield>
</record></metadata></record></GetRecord></OAI-PMH>